<?xml version="1.0" encoding="UTF-8"?>
<record
    xmlns:xsi="http://www.w3.org/2001/XMLSchema-instance"
    xsi:schemaLocation="http://www.loc.gov/MARC21/slim http://www.loc.gov/standards/marcxml/schema/MARC21slim.xsd"
    xmlns="http://www.loc.gov/MARC21/slim">

  <leader>01955cam a2200349 a 4500</leader>
  <controlfield tag="001">8497000</controlfield>
  <controlfield tag="005">20220326193302.0</controlfield>
  <controlfield tag="008">110129s2010    sp a     b    000 0 spa d</controlfield>
  <datafield tag="020" ind1=" " ind2=" ">
    <subfield code="a">9788492572205 (Actar) :</subfield>
    <subfield code="c">18.00 EUR</subfield>
  </datafield>
  <datafield tag="020" ind1=" " ind2=" ">
    <subfield code="a">9788492572205 (MUSAC) :</subfield>
    <subfield code="c">18.00 EUR</subfield>
  </datafield>
  <datafield tag="035" ind1=" " ind2=" ">
    <subfield code="a">(OCoLC)716094747</subfield>
  </datafield>
  <datafield tag="035" ind1=" " ind2=" ">
    <subfield code="a">(OCoLC)ocn716094747</subfield>
  </datafield>
  <datafield tag="035" ind1=" " ind2=" ">
    <subfield code="a">(ItFiC)it 60704450</subfield>
  </datafield>
  <datafield tag="035" ind1=" " ind2=" ">
    <subfield code="a">(NNC)8497000</subfield>
  </datafield>
  <datafield tag="040" ind1=" " ind2=" ">
    <subfield code="a">ItFiC</subfield>
    <subfield code="c">ItFiC</subfield>
  </datafield>
  <datafield tag="082" ind1=" " ind2=" ">
    <subfield code="a">069.07</subfield>
    <subfield code="b">M986e</subfield>
  </datafield>
  <datafield tag="110" ind1=" " ind2=" ">
    <subfield code="a">Educaci&#xF3;n y acci&#xF3;n cultural MUSAC</subfield>
    <subfield code="9">1481</subfield>
  </datafield>
  <datafield tag="245" ind1="0" ind2="0">
    <subfield code="a">Experiencias de aprendizaje con el arte actual en las pol&#xED;ticas de la diversidad :</subfield>
    <subfield code="b">educaci&#xF3;n y acci&#xF3;n cultural MUSAC /</subfield>
    <subfield code="c">[edici&#xF3;n y coordinaci&#xF3;n, Bel&#xE9;n Sola Pizarro].</subfield>
  </datafield>
  <datafield tag="260" ind1=" " ind2=" ">
    <subfield code="a">Barcelona ;</subfield>
    <subfield code="a">New York :</subfield>
    <subfield code="b">Actar ;</subfield>
    <subfield code="a">Le&#xF3;n :</subfield>
    <subfield code="b">MUSAC,</subfield>
    <subfield code="c">[2010]</subfield>
  </datafield>
  <datafield tag="300" ind1=" " ind2=" ">
    <subfield code="a">147 p. :</subfield>
    <subfield code="b">ill. ;</subfield>
    <subfield code="c">23 cm.</subfield>
  </datafield>
  <datafield tag="504" ind1=" " ind2=" ">
    <subfield code="a">Includes bibliographical references.</subfield>
  </datafield>
  <datafield tag="505" ind1=" " ind2=" ">
    <subfield code="t">Experiencias de aprendizaje con el arte actual en las pol&#xED;ticas de la diversidad</subfield>
    <subfield code="t">El DEAC, aparato digestivo del MUSAC</subfield>
    <subfield code="r">Olaia Fontal Merillas </subfield>
    <subfield code="t">Mediacion, inclusi&#xF3;n y experiencias de aprendizaje en el DEAC MUSAC</subfield>
    <subfield code="r">Bel&#xE9;n Sola </subfield>
    <subfield code="t">Comunidades 1</subfield>
    <subfield code="r">Amparo Moro&#xF1;o / Bel&#xE9;n Sola </subfield>
    <subfield code="t">Comunidades 2</subfield>
    <subfield code="r">Nadia Texeira/ Amparo Moro&#xF1;o/ Mario Campelo </subfield>
    <subfield code="t">MUSAC Escuela: Las posibilidades del museo  con las aulas </subfield>
    <subfield code="r">Antonio Gonzales Chamorro</subfield>
    <subfield code="t">Proyecto pequeamigos: s&#xED;ntesis de experiencias </subfield>
    <subfield code="r">Julia Ruth Gallego y Cristina Vi&#xF1;uela Lopez </subfield>
    <subfield code="t">Desde las  practicas: itinerarios de un trabajo de ida y vuelta.</subfield>
    <subfield code="r">Bel&#xE9;n Sola  </subfield>
    <subfield code="t">Memoria de actividades </subfield>
  </datafield>
  <datafield tag="650" ind1=" " ind2="0">
    <subfield code="a">Museums</subfield>
    <subfield code="x">Educational aspects.</subfield>
    <subfield code="z">Museo de Arte Contempor&#xE1;neo de Castilla y Le&#xF3;n  </subfield>
    <subfield code="9">1482</subfield>
  </datafield>
  <datafield tag="650" ind1=" " ind2="0">
    <subfield code="a">Art, Modern.</subfield>
    <subfield code="9">166</subfield>
  </datafield>
  <datafield tag="700" ind1="1" ind2=" ">
    <subfield code="a">Sola Pizarro, Bel&#xE9;n.</subfield>
    <subfield code="9">1483</subfield>
  </datafield>
  <datafield tag="710" ind1="2" ind2=" ">
    <subfield code="a">Museo de Arte Contempor&#xE1;neo de Castilla y Le&#xF3;n.</subfield>
    <subfield code="9">1484</subfield>
  </datafield>
  <datafield tag="856" ind1="4" ind2="2">
    <subfield code="u">http://www.columbia.edu/cgi-bin/cul/resolve?clio8497000</subfield>
    <subfield code="3">TOC</subfield>
  </datafield>
  <datafield tag="910" ind1=" " ind2=" ">
    <subfield code="a">Supplied on B.O.</subfield>
  </datafield>
  <datafield tag="948" ind1="1" ind2=" ">
    <subfield code="a">20110414</subfield>
    <subfield code="b">c</subfield>
    <subfield code="c">rhg9</subfield>
    <subfield code="d">OSMC</subfield>
  </datafield>
  <datafield tag="990" ind1=" " ind2=" ">
    <subfield code="b">18.00 EUR</subfield>
  </datafield>
  <datafield tag="999" ind1=" " ind2=" ">
    <subfield code="c">313</subfield>
    <subfield code="d">313</subfield>
  </datafield>
  <datafield tag="952" ind1=" " ind2=" ">
    <subfield code="0">0</subfield>
    <subfield code="1">0</subfield>
    <subfield code="2">ddc</subfield>
    <subfield code="4">0</subfield>
    <subfield code="7">0</subfield>
    <subfield code="a">LV</subfield>
    <subfield code="b">LV</subfield>
    <subfield code="c">Pensamiento</subfield>
    <subfield code="d">2014-10-31</subfield>
    <subfield code="l">0</subfield>
    <subfield code="o">069.07 M986e</subfield>
    <subfield code="p">000360</subfield>
    <subfield code="r">2014-10-31 00:00:00</subfield>
    <subfield code="w">2014-10-31</subfield>
    <subfield code="y">01</subfield>
  </datafield>
</record>
